Seguridad y salud en la agricultura repertorio de recomendaciones practicas /

Bibliographic Details
Corporate Authors: Oficina Internacional del Trabajo., ProQuest (Firm)
Format: Electronic eBook
Language:Spanish
Published: Ginebra [Switzerland] : Oficina Internacional del Trabajo, 2011.
Subjects:
Online Access:Click to View
LEADER 01287nam a2200325 a 4500
001 EBC863040
003 MiAaPQ
005 20200520144314.0
006 m o d |
007 cr cn|||||||||
008 120227s2011 sz a sb i000 0 spa d
020 |z 9789223249700 
020 |z 9789223249717 (e-book) 
035 |a (MiAaPQ)EBC863040 
035 |a (Au-PeEL)EBL863040 
035 |a (CaPaEBR)ebr10530989 
035 |a (OCoLC)778340052 
040 |a MiAaPQ  |c MiAaPQ  |d MiAaPQ 
050 4 |a S565  |b .O35 2011 
110 2 |a Oficina Internacional del Trabajo. 
245 1 0 |a Seguridad y salud en la agricultura  |h [electronic resource] :  |b repertorio de recomendaciones practicas /  |c Oficina Internacional del Trabajo. 
260 |a Ginebra [Switzerland] :  |b Oficina Internacional del Trabajo,  |c 2011. 
300 |a xxi, 373 p. :  |b ill. 
504 |a Includes bibliographical references. 
533 |a Electronic reproduction. Ann Arbor, MI : ProQuest, 2015. Available via World Wide Web. Access may be limited to ProQuest affiliated libraries. 
650 0 |a Agriculture  |x Safety measures. 
650 0 |a Agriculture  |x Health aspects. 
655 4 |a Electronic books. 
710 2 |a ProQuest (Firm) 
856 4 0 |u https://ebookcentral.proquest.com/lib/matrademy/detail.action?docID=863040  |z Click to View